Statistics for US State Two-Letter Abbreviations

Click here to take the quiz!

General Stats

  • This quiz has been taken 87 times
  • The average score is 43 of 50

Answers on the Map

Answers color-coded by a green-red scale on the quiz's map according to % correct below.
 

Answer Stats

Answer% Correct
MI
100%
CA
97%
FL
97%
MA
97%
TX
95%
AL
93%
ND
93%
SD
93%
WA
93%
AR
91%
CO
91%
ID
91%
NC
91%
NV
91%
AZ
90%
MN
90%
AK
88%
NM
88%
SC
88%
WV
88%
HI
86%
IL
86%
NY
86%
VA
86%
IN
84%
KS
84%
MO
84%
MS
84%
OR
84%
MT
83%
NE
83%
OK
83%
TN
83%
DE
81%
ME
81%
UT
81%
WI
81%
WY
81%
NH
79%
NJ
79%
OH
79%
GA
78%
LA
78%
MD
78%
CT
76%
IA
76%
RI
76%
KY
74%
PA
74%
VT
67%

Score Distribution

Percentile by Number Answered

Percent of People with Each Score

Your Score History

You have not taken this quiz